Представление документа в формате MARC21

Поле Инд. ПП Название Значение
Тип записи a
Библиографический уровень m
001 Контрольный номер 6b34824acf9e4cefa814c785bb830666
005 Дата корректировки 20260204153417.3
084 a Индекс другой классификации/Индекс ББК 95
091 i Возрастная адресация (DOS) 6+
097 b Оператор Кондратьева; Чирова
245 10 a Заглавие Шишкин лес. Детский познавательный журнал
n Номер части/ раздела 1
260 c Дата издания 2026
900 a Имя макрообъекта 0000003897111
901 t Тип документа s